000 nam a22 7a 4500
999 _c49398
_d49398
003 OSt
005 20191129150753.0
008 191129b xxu||||| |||| 00| 0 eng d
040 _csero soft
100 _aMohd.OSIM
245 _aOlypic Movement
260 _aDelhi
_bSports Publication ,Delhi
300 _a316
942 _2ddc
_c02